Score 0/21 Timer 02:00
0 Plays Today
Clue 4-Letter Word % Correct
Create a cakeBAKE
97.1%
Make sounds like a dogBARK
96.5%
NakedBARE
95.3%
CreateMAKE
94.7%
Money deposit spotBANK
92.7%
One without ovariesMALE
92.6%
Walk on a trailHIKE
91.1%
Burrowing mammaMOLE
90.5%
Bundle of hayBALE
88.7%
Liver fluidBILE
88.3%
Cod-like fishHAKE
86.7%
Clue 4-Letter Word % Correct
Pineapple companyDOLE
83.9%
Cartoon creator JudgeMIKE
83.6%
Hammerin' baseball playerHANK
82.7%
Four inchesHAND
81.8%
____ Gribble; Chip's partnerDALE
78.2%
Type or sortKIND
76.3%
RearHIND
76.3%
FOX animated cartoon '[First Rung] of the [Last Rung]'KING
73.4%
FOX animated cartoon '[First Rung] of the [Last Rung]'HILL
69.8%
____ Dauterive; subject of a 'Schoolhouse Rock' songBILL
69.7%

Today's Daily Dose

Remove Ads.
Support Sporcle.
Get the best of Sporcle when you Go Orange. This ad-free experience offers more features, more stats, and more fun while also helping to support Sporcle. Thank you for becoming a member.

You're not logged in!

Compare scores with friends on all Sporcle quizzes.
OR
Log In

Show Comments

Extras

Top Quizzes Today


Score Distribution

Your Account Isn't Verified!

In order to create a playlist on Sporcle, you need to verify the email address you used during registration. Go to your Sporcle Settings to finish the process.

Report this User

Report this user for behavior that violates our Community Guidelines.

Details: